Niezapomniane Jedenastki #8: Monaco 2016/2017 - Statystyki

Ogólne statystyki
  • Ten quiz został rozwiązany 104 razy
  • Średni wynik to 7 z 11
Statystyki odpowiedzi
Pozycja Kraj Zawodnik % Poprawnych
ŚO Polska Kamil Glik
98%
N Francja Kylian Mbappe
98%
N Kolumbia Radamel Falcao
93%
PS Portugalia Bernardo Silva
85%
BR Chorwacja Danijel Subasic
74%
ŚPD Brazylia Fabinho
69%
LO Francja Benjamin Mendy
57%
LS Francja Thomas Lemar
44%
PO Francja Djibril Sidibe
43%
ŚPD Francja Tiemoue Bakayoko
36%
ŚO Brazylia Jemerson
15%
Nie znaleziono quizów pasujących do podanych kryteriów
Rozkład punktacji
Procent ludzi z każdym wynikiem
Percentyl według liczby udzielonych odpowiedzi
Twoja historia wyników
Nie rozwiązałeś tego quizu